000 00717nam a2200253Ia 4500
001 10669
005 20240113235233.0
007 ta
008 050805s1998 a g b000 u eng u
020 _cHB
040 _aCotton College Assam
041 _aeng
082 _a181.41
_bRad
100 _aRadice, William .
245 0 _aSwami Vivekananda and the Modernisation of Hinduism /
_cWilliam Radice.
_hTextual Documents
250 _a1st ed /
260 _aOxford :
_bOxford Universsity Press ,
_c1998.
300 _a299p. :
_bill. ;
_c22cm. .
653 _aPhilosophy-Modernisation- Hinduism
653 _aModernisation- Hinduism
942 _2ddc
_cBK
999 _c10656
_d10656